000 00523nam a2200133Ia 4500
008 220615s9999||||xx |||||||||||||| ||und||
022 _a16648714
100 _aConstantine G. Lyketsos||Kenichi Oishi
245 0 _aAlzheimer's Disease and the Fornix
546 _aEnglish[eng]
650 _aFornix||Limbic||Memory||normal aging||Cognition||Mild Cognitive Impairment||Alzheimer's disease||Diffusion Tensor Imaging
856 _uhttp://journal.frontiersin.org/researchtopic/2264/alzheimers-disease-and-the-fornix
942 _cEB
999 _c7956
_d7956